Climate responsive architecture : (Record no. 8176)
[ view plain ]
| 000 -LEADER | |
|---|---|
| fixed length control field | 00673cam a2200193 a 4500 |
| 001 - CONTROL NUMBER | |
| control field | 12609231 |
| 005 - DATE AND TIME OF LATEST TRANSACTION | |
| control field | 20251110155034.0 |
| 008 - FIXED-LENGTH DATA ELEMENTS--GENERAL INFORMATION | |
| fixed length control field | 011017s2001 ii ab bf 100 0 eng |
| 020 ## - INTERNATIONAL STANDARD BOOK NUMBER | |
| International Standard Book Number | 0074632183 |
| 020 ## - INTERNATIONAL STANDARD BOOK NUMBER | |
| International Standard Book Number | 9780074632185 |
| 050 00 - LIBRARY OF CONGRESS CALL NUMBER | |
| Classification number | TJ163.D86 |
| Item number | C53 2001 |
| 082 00 - DEWEY DECIMAL CLASSIFICATION NUMBER | |
| Classification number | 720/.472 |
| Edition information | 21 |
| 245 00 - TITLE STATEMENT | |
| Title | Climate responsive architecture : |
| Remainder of title | a design handbook for energy efficient buildings / |
| Statement of responsibility, etc. | editors, Arvind Krishan ... [et al.]. |
| 260 ## - PUBLICATION, DISTRIBUTION, ETC. | |
| Place of publication, distribution, etc. | New Delhi ; |
| -- | New York : |
| Name of publisher, distributor, etc. | Tata McGraw-Hill Pub. Co., |
| Date of publication, distribution, etc. | c2001. |
| 300 ## - PHYSICAL DESCRIPTION | |
| Extent | xxiii, 409 p. : |
| Other physical details | ill., map ; |
| Dimensions | 24 x 32 cm. |
| 650 #0 - SUBJECT ADDED ENTRY--TOPICAL TERM | |
| Topical term or geographic name entry element | Dwellings |
| General subdivision | Energy conservation |
| Form subdivision | Congresses. |
| 700 1# - ADDED ENTRY--PERSONAL NAME | |
| Personal name | Krishan, Arvind. |
| 942 ## - ADDED ENTRY ELEMENTS (KOHA) | |
| Source of classification or shelving scheme | Library of Congress Classification |
| Koha item type | Books |
| Suppress in OPAC | No |
| 999 ## - | |
| -- | 8176 |
| -- | 8176 |
| Withdrawn status | Lost status | Source of classification or shelving scheme | Damaged status | Not for loan | Collection | Home library | Current library | Shelving location | Date acquired | Total checkouts | Full call number | Barcode | Date last seen | Copy number | Price effective from | Koha item type |
|---|---|---|---|---|---|---|---|---|---|---|---|---|---|---|---|---|
| Library of Congress Classification | Non-fiction | Science Library (Miotso) | Science Library (Miotso) | General stacks | 11/10/2025 | TJ163.D86 C53 CLI | SLM00005660 | 11/10/2025 | 1 | 11/10/2025 | Books | |||||
| Library of Congress Classification | Non-fiction | Science Library (Miotso) | Science Library (Miotso) | General stacks | 11/10/2025 | TJ163.D86 C53 CLI | SLM00005661 | 11/10/2025 | 2 | 11/10/2025 | Books | |||||
| Library of Congress Classification | Non-fiction | Science Library (Miotso) | Science Library (Miotso) | General stacks | 11/10/2025 | TJ163.D86 C53 CLI | SLM00005662 | 11/10/2025 | 3 | 11/10/2025 | Books |